00954 a2200205 4500001000700000020001800007040003200025100001700057245002600074250001300100260001900113300003500132362000900167490002400176520046100200650001200661650002700673650002200700650002600722126896 a9781407162454 cEscola Canadense de Niteroi aAusten, Jane10aSense and sensibility a1st. ed. aUnited Kingdom a417 p.c1 x 1.14 x 7.99 inches0 a20150 aScholastic Classics aMarianne Dashwood wears her heart on her sleeve, and when she falls for charming but unsuitable John Willoughby, her romantic disappointment is a secret from no one – much to the dismay of her sister Elinor, who fears for her reputation. By contrast, cautious Elinor appears to be mistress of her feelings – not even Marianne knows of the heartbreak she is nursing. Can the sisters, in pursuit of happiness, find a balance between prudence and passion? 4aSisters 4aYoung Adult Literature 4aRomance (English) 4aFeelings and Emotions